Statistics for Geographic groups #2

Click here to take the quiz!

General Stats

  • This quiz has been taken 1,004 times
    (990 since last reset)
  • The average score is 25 of 50

Answer Stats

Hint Answer % Correct
Wyoming
92%
US states that start with "W"Washington
88%
Iraq
88%
Wisconsin
86%
West Virginia
80%
Iceland
77%
Countries bordering IranAfghanistan
76%
Largest cities in MoroccoCasablanca
74%
Pakistan
73%
Bangkok
72%
Turkey
72%
Budapest
68%
Vienna
67%
Largest cities in the US with names of Spanish originLos Angeles
64%
San Francisco
63%
Turkmenistan
63%
Armenia
62%
Azerbaijan
61%
San Diego
60%
Swaziland
60%
European countries most distant from another (from center)Greece
59%
East Timor
55%
Bratislava
55%
Brunei
55%
Gambia
53%
Asian countries with population below 1,000,000Bhutan
53%
Smallest African mainland countries (by area)Djibouti
51%
Closest Eurpean capitalsRome
49%
Danube capitalsBelgrade
49%
Vatican City
48%
San Antonio
48%
Asian countries most distant from another (from center)Cyprus
46%
Cyprus
46%
San Jose
38%
Maldives
38%
Marrakesh
35%
United States of America
33%
Fes
31%
Earliest and latest country of the UTC time zones (not including overseas territories)Kiribati
29%
Suva
22%
Federal Republic of Nigeria
21%
Suez canal
20%
Federal republics in AfricaFederal Democratic Republic of Ethiopia
18%
Tangier
17%
Closest Oceania capitalsNuku Ľalofa
14%
Federal Republic of Somalia
13%
Bodies of water separating Africa from EurasiaStrait of Gibraltar
12%
Capitals of ThailandAyutthaya
3%
Sukhothai
2%
Thonburi
1%

Score Distribution

Percentile by Number Answered

Percent of People with Each Score

Your Score History

You have not taken this quiz since the last reset